စန္ဒကူးမွှေးထုံ-ဂန္ဓာရုံဟု အမည်ရသော ကျောင်းတော်ရာစေတီတော်သမိုင်း / (Record no. 16684)

000 -LEADER
fixed length control field 01149nam a2200217Ia 4500
003 - CONTROL NUMBER IDENTIFIER
control field OSt
005 - DATE AND TIME OF LATEST TRANSACTION
control field 20241011161711.0
007 - PHYSICAL DESCRIPTION FIXED FIELD--GENERAL INFORMATION
fixed length control field ca aa aaaaa
008 - FIXED-LENGTH DATA ELEMENTS--GENERAL INFORMATION
fixed length control field 201103s9999 xx 000 0 und d
040 ## - CATALOGING SOURCE
Transcribing agency ost
041 ## - LANGUAGE CODE
Language code of text/sound track or separate title SSBUL
082 ## - DEWEY DECIMAL CLASSIFICATION NUMBER
Edition number 23
Classification number ၂၉၄.၃၄၃၅၀၉
Item number S-SAT
100 0# - MAIN ENTRY--PERSONAL NAME
Personal name ဓမ္မာစာရ၊ အရှင်(အစိုးရဓမ္မာအရိယ)
9 (RLIN) 17308
245 10 - TITLE STATEMENT
Title စန္ဒကူးမွှေးထုံ-ဂန္ဓာရုံဟု အမည်ရသော ကျောင်းတော်ရာစေတီတော်သမိုင်း /
Statement of responsibility, etc. အရှင်ဓမ္မာစာရ(အစိုးရဓမ္မာစရိယ)။
260 ## - PUBLICATION, DISTRIBUTION, ETC.
Place of publication, distribution, etc. [ပွင့်ဖြူ] ၊
Name of publisher, distributor, etc. [ထုတ်ဝေသူမပါ]၊
Date of publication, distribution, etc. ၁၉၇၈။
300 ## - PHYSICAL DESCRIPTION
Extent ၁၃၇ စာမျက်နှာ ၊
Other physical details ပုံများ၊
Dimensions ၂၁ စင်တီ။
500 ## - GENERAL NOTE
General note S-SAT: Dr. Sai Aung Tun
650 ## - SUBJECT ADDED ENTRY--TOPICAL TERM
Topical term or geographic name entry element စေတီပုထိုး
Form subdivision သမိုင်း
9 (RLIN) 55057
Topical term or geographic name entry element ကျောင်းတော်ရာစေတီတေ်
Form subdivision သမိုင်း
9 (RLIN) 55058
942 ## - ADDED ENTRY ELEMENTS (KOHA)
Source of classification or shelving scheme
Koha item type Book (Short term)
Holdings
Withdrawn status Lost status Source of classification or shelving scheme Damaged status Not for loan Collection code Permanent Location Current Location Shelving location Date acquired Total Checkouts Full call number Barcode Date last seen Price effective from Koha item type Accession
          Special Collections Shan State Buddhist University Library Shan State Buddhist University Library Special Collection Shelves 15/02/2023   ၂၉၄.၃၄၃၅၀၉ ဓမ် ၉၁၆၁ S-SAT MB00009161 15/02/2023 15/02/2023 Book (Short term) ၉၁၆၁ S-SAT

Library - 09407999929
Admin Office - 09407999979
Dean Office - 09250910768
Registrar Office - 09892297154
Email - [email protected]
Shan State Buddhist University, Phaya Phyu Taunggyi, Shan State, Myanmar.